Conversaciones sobre la responsabilidad penal de las personas jurd̕icas Anl̀isis de 10 aǫs /

Detalles Bibliográficos
Autor principal: Martn̕ez Patn̤, Vc̕tor
Formato: eBook
Lenguaje:español
Publicado: Barcelona: J.M. Bosch Editor, 2021
Materias:
Acceso en línea:Acceso restringido

MARC

LEADER 00000nam a22000007a 4500
005 20220509235248.0
007 cr|||| ||||
008 220509s2021 es |||||s|||| 00||0 spa d
020 |a 978-84-123154-3-1 
035 |a 35629 
040 |a vLex 
090 |c 13307  |d 13307 
100 1 |a Martn̕ez Patn̤, Vc̕tor 
245 1 0 |a Conversaciones sobre la responsabilidad penal de las personas jurd̕icas  |h [Recurso electrn̤ico] :  |b Anl̀isis de 10 aǫs /  |c Vc̕tor Martn̕ez Patn̤ 
256 |a Servicio en ln̕ea 
260 |a Barcelona:  |b J.M. Bosch Editor,  |c 2021 
300 |a 1 recurso electrn̤ico 
500 |a En los l︢timos diez aǫs, pocas materias, como la que afecta a la responsabilidad penal de las personas jurd̕icas, han concentrado con tanto interš la atencin̤ de la dogmt̀ica. […] La obra que hoy tengo el honor de prologar tiene un mřito que la singulariza frente a ese caudal bibliogrf̀ico, a saber, su originalidad a la hora de abordar lo que otros autores ya han abordado con distinto enfoque. […] El libro que hoy se incorpora al catl̀ogo bibliogrf̀ico relativo a la responsabilidad de las personas jurd̕icas hace de la originalidad su punto de arranque. El Abogado Vc̕tor Martn̕ez Patn̤ ha sabido encontrar un enfoque que, bajo su aparente sencillez, esconde una especial utilidad. Su lectura permite conocer, en boca de los responsables polt̕icos que lo protagonizaron, el proceso legislativo que ha desembocado en una de las novedades normativas ms̀ importantes de los l︢timos aǫs. A la utilidad de las opiniones de quienes ejercieron el poder con capacidad normativa creadora, se aąde el anl̀isis de algunos de los Magistrados que, por su destino y por su inquietud intelectual, han contribuido a crear una jurisprudencia con vocacin̤ de uniformidad. 
506 1 |a Disponible solo en los productos indicados  |d vLex Global  |d vLex Global (Academic Edition, excluding Law Schools)  |d vLex Global (U.S. Academic Edition, Law Schools)  |d vLex Global (U.S. Academic Edition, excluding Law Schools)  |d vLex Global (Academic Edition, Law Schools) 
650 0 4 |a Derecho Penal  |z Espaą 
650 0 4 |a Procedimiento Penal  |z Espaą 
740 0 |a vLex Libros (Servicio en ln̕ea) 
856 4 0 |u https://app.vlex.com/#/sources/35629  |z Acceso restringido 
942 |c BOOK 
999 0 |a Criminal Law 
999 0 |a Criminal Procedure